Is This Song On Reputation/Midnights? - Statistics

General Stats
  • This quiz has been taken 13 times
  • The average score is 31 of 38
Answer Stats
Hint Answer % Correct
Getaway Car Reputation
100%
Midnight Rain Midnights
90%
Question..? Midnights
90%
Karma Midnights
90%
Mastermind Midnights
90%
Therefore I Am Other Artist
90%
I'm Not Mad Other Artist
90%
Bring Me To Life Other Artist
90%
Dead Girl In The Pool Other Artist
90%
Down Bad Other Taylor Swift Album
90%
Who's Afraid Of Little Old Me Other Taylor Swift Album
90%
imgonnagetyouback Other Taylor Swift Album
90%
New Year's Day Reputation
90%
So It Goes... Reputation
90%
Lavender Haze Midnights
80%
Anti-Hero Midnights
80%
Dear Reader Midnights
80%
Purple Rain Other Artist
80%
Bad Guy Other Artist
80%
You should be sad Other Artist
80%
Nightmare Other Artist
80%
I Knew You Were Trouble Other Taylor Swift Album
80%
Sad, Beautiful, Tragic Other Taylor Swift Album
80%
The Smallest Man Who Ever Lived Other Taylor Swift Album
80%
Better Than Revenge Other Taylor Swift Album
80%
End Game Reputation
80%
Delicate Reputation
80%
...Ready For It? Reputation
80%
Gorgeous Reputation
80%
Dress Reputation
80%
This Is Why We Can't Have Nice Things Reputation
80%
Vigilante S__t Midnights
70%
Glitch Midnights
70%
Strange Love Other Artist
70%
Traitor Other Artist
70%
Bad Blood Other Taylor Swift Album
70%
Now That We Don't Talk Other Taylor Swift Album
70%
Beautiful Ghosts Other Taylor Swift Album
60%
No matching quizzes found
Score Distribution
Percent of People with Each Score
Percentile by Number Answered
Your Score History
You have not taken this quiz